Attaining preeminence in semiconductors

Salvato in:
Dettagli Bibliografici
Natura: Libro
Lingua:Undetermined
Pubblicazione: Washington 1992
Soggetti:
Tags: Aggiungi Tag
Nessun Tag, puoi essere il primo ad aggiungerne! !
Thư viện lưu trữ: Trung tâm Học liệu Trường Đại học Cần Thơ
LEADER 00395nam a2200145Ia 4500
001 CTU_98440
008 210402s9999 xx 000 0 und d
082 |a 338 
082 |b A883 
245 0 |a Attaining preeminence in semiconductors 
260 |a Washington 
260 |c 1992 
650 |a Semiconductors industry 
904 |i Tuyến 
980 |a Trung tâm Học liệu Trường Đại học Cần Thơ